| 000 | 00605cam a22002052 4500 | ||
|---|---|---|---|
| 001 | 0000019865 | ||
| 005 | 20151217152203.0 | ||
| 008 | 110301s xx 000 0 eng d | ||
| 020 | _a205719143 : | ||
| 040 |
_aKABU _cKABU |
||
| 100 | 1 |
_aGoldstein, S. Joshua. _@0000159308 |
|
| 245 | 1 | 0 |
_aInternational relations / _cJoshua, S. Golstein. |
| 250 | _aBrief 5th ed. | ||
| 260 |
_aNew Delhi : _bPearson Education, _c2011. |
||
| 300 | _axxi, 391 p. | ||
| 650 | 0 |
_aInternational relations. _@0000158257 |
|
| 852 | 1 | _9p2240 KES | |
| 908 | _a110301 | ||
| 950 | _@1 | ||
| 999 |
_c9105 _d9105 |
||